Exposición de proyectos complementarios 2003 - 2004 (Record no. 1775)

MARC details
000 -LEADER
campo de control de longitud fija 00398nam a2200109 4500
008 - DATOS DE LONGITUD FIJA--INFORMACIÓN GENERAL
campo de control de longitud fija 708 EX96e
082 ## - NÚMERO DE LA CLASIFICACIÓN DECIMAL DEWEY
Número de clasificación 708
Número de ítem EX96E
100 ## - ENTRADA PRINCIPAL--NOMBRE DE PERSONA
Nombre de persona Calvo Ernesto (coordinación)
9 (RLIN) 7016
245 ## - MENCIÓN DEL TÍTULO
Título Exposición de proyectos complementarios 2003 - 2004
300 ## - DESCRIPCIÓN FÍSICA
Extensión 40 p.
Otras características físicas il (col)
Dimensiones 18,5 x 20,5 cm
650 ## - PUNTO DE ACCESO ADICIONAL DE MATERIA--TÉRMINO DE MATERIA
Subdivisión general arte contemporáneo
-- are - exhibiciones
-- arte - artistas emergentes
-- arte - pintura
-- arte - curaduría
9 (RLIN) 7017
Holdings
Estatus retirado Estado de pérdida Fuente del sistema de clasificación o colocación Estado de daño No para préstamo Biblioteca de origen Biblioteca actual Ubicación en estantería Fecha de adquisición Total de préstamos Signatura topográfica completa Código de barras Visto por última vez Precio de reemplazo Tipo de ítem Koha
    Clasificación Decimal Dewey     Biblioteca LadoV Biblioteca LadoV   02/05/2019   708 EX96E 001625 02/05/2019 02/05/2019 Material 01